000 00371pab a2200145 454500
008 180718b xxu||||| |||| 00| 0 eng d
100 _aBalasubrahmanyan Vimal
245 _aStop seeing population as a women's issue
362 _a32(20), 2 Apr 1994, p.18-19
650 _a Population
650 _a Demography
650 _aWomen
773 _aMainstream
909 _a27092
999 _c27092
_d27092